Statistics for EU och NATO länder

Click here to take the quiz!

General Stats

  • This quiz has been taken 83 times
    (51 since last reset)
  • The average score is 15 of 21

Answer Stats

EU och NATO Land% Correct
Tyskland
96%
Polen
93%
Frankrike
89%
Spanien
87%
Belgien
80%
Nederländerna
78%
Italien
76%
Portugal
76%
Estland
72%
Lettland
72%
Litauen
72%
Danmark
70%
Tjeckien
70%
Slovenien
67%
Slovakien
67%
Grekland
65%
Luxemburg
57%
Ungern
57%
Rumänien
54%
Kroatien
54%
Bulgarien
48%

Score Distribution

Percentile by Number Answered

Percent of People with Each Score

Your Score History

You have not taken this quiz since the last reset